Which Terminal? New York JFK Airport - Statistics

General Stats
  • This quiz has been taken 20 times
  • The average score is 9 of 15
Answer Stats
Question Answer % Correct
Air New Zealand Terminal 1
80%
Copa Airlines Terminal 4
80%
Hawaiian Airlines Terminal 4
80%
Air Canada Terminal 7
80%
Aer Lingus Terminal 7
80%
Alaska Airlines Terminal 7
80%
Korean Air Terminal 1
60%
JetBlue Terminal 5
60%
Aerolíneas Argentinas Terminal 7
60%
Japan Airlines Terminal 8
60%
American Airlines Terminal 8
60%
EVA Air Terminal 1
40%
Xiamen Air Terminal 4
40%
Avianca Terminal 4
40%
British Airways Terminal 8
40%
No matching quizzes found
Score Distribution
Percent of People with Each Score
Percentile by Number Answered
Your Score History
You have not taken this quiz